00899nam a2200181 i 4500001000700000003000900007005001700016008004100033100004700074245019000121260007800311300002200389530003500411650002500446710006300471852009400534856008900628163030ES-MaACL20250902063112.0170817s1862 sp |||| | spa d1 aGarcía Barzanallana, José, d1819-190313aLa liga aduanera ibérica : bmemoria premiada por la Real Academia de Ciencias Morales y Políticas en el concurso público de 1861 / cescrita por Don José García Barzanallana. aMadrid : b[s.n.], c1862 (fImp. del Colegio de Sordo-Mudos y de Ciegos) a181 p. ; c24 cm. aDisponible en formato digital. 7aAduanas-zEspaña22 aReal Academia de Ciencias Morales y Políticas (España)4 aES-MaACLjT-62-F-13 z- Enc. hol., falto de cub. originalz- Enc. en un vol. facticio4 uhttp://bdh-rd.bne.es/viewer.vm?id=0000266095&page=1 zBiblioteca Digital Hispánica